The Court of Arbitration for Sport, 1984-2004 / (Record no. 64475)
[ view plain ]
| 000 -LEADER | |
|---|---|
| fixed length control field | 01774cam a2200421 i 4500 |
| 003 - CONTROL NUMBER IDENTIFIER | |
| control field | EG-GICUC |
| 005 - DATE AND TIME OF LATEST TRANSACTION | |
| control field | 20260301112215.0 |
| 008 - FIXED-LENGTH DATA ELEMENTS--GENERAL INFORMATION | |
| fixed length control field | 060223s2006 ne frb 001 0 eng d |
| 020 ## - INTERNATIONAL STANDARD BOOK NUMBER | |
| International Standard Book Number | 9067042048 |
| 020 ## - INTERNATIONAL STANDARD BOOK NUMBER | |
| International Standard Book Number | 9789067042048 |
| 040 ## - CATALOGING SOURCE | |
| Original cataloging agency | DLC |
| Transcribing agency | DLC |
| Modifying agency | DLC |
| -- | EG-GICUC |
| Language of cataloging | eng |
| Description conventions | rda |
| 050 00 - LIBRARY OF CONGRESS CALL NUMBER | |
| Classification number | K3702 |
| Item number | .C68 2006 |
| 082 04 - DEWEY DECIMAL CLASSIFICATION NUMBER | |
| Edition number | 21 |
| Classification number | 347.224 |
| 092 04 - LOCALLY ASSIGNED DEWEY CALL NUMBER (OCLC) | |
| Edition number | 21 |
| 099 ## - LOCAL FREE-TEXT CALL NUMBER (OCLC) | |
| Classification number | Law 12 2006 |
| 245 04 - TITLE STATEMENT | |
| Title | The Court of Arbitration for Sport, 1984-2004 / |
| Statement of responsibility, etc. | edited by Ian S. Blackshaw, Robert C.R. Siekmann and Janwillem Soek. |
| 264 ## - PRODUCTION, PUBLICATION, DISTRIBUTION, MANUFACTURE, AND COPYRIGHT NOTICE | |
| Place of production, publication, distribution, manufacture | Hague : |
| Name of producer, publisher, distributor, manufacturer | TMC Asser Press ; |
| Place of production, publication, distribution, manufacture | West Nyack, NY : |
| Name of producer, publisher, distributor, manufacturer | Distributed by Cambridge University Press, |
| Date of production, publication, distribution, manufacture, or copyright notice | 2006. |
| 300 ## - PHYSICAL DESCRIPTION | |
| Extent | xxxiii, 577 pages ; |
| Dimensions | 25 cm. |
| 336 ## - CONTENT TYPE | |
| Content type term | text |
| Source | rdacontent |
| 337 ## - MEDIA TYPE | |
| Media type term | Computer |
| Source | rdamedia |
| 338 ## - CARRIER TYPE | |
| Carrier type term | Online Resource |
| Source | rdacarrier |
| 500 ## - GENERAL NOTE | |
| General note | At head of title:T.M.C. Asser Instituut, Asser International Sports Law Centre. |
| 504 ## - BIBLIOGRAPHY, ETC. NOTE | |
| Bibliography, etc. note | Includes bibliographical references and index. |
| 610 20 - SUBJECT ADDED ENTRY--CORPORATE NAME | |
| Corporate name or jurisdiction name as entry element | Court of Arbitration for Sport. |
| 650 #0 - SUBJECT ADDED ENTRY--TOPICAL TERM | |
| Topical term or geographic name entry element | Sports |
| General subdivision | Law and legislation. |
| 650 #0 - SUBJECT ADDED ENTRY--TOPICAL TERM | |
| Topical term or geographic name entry element | Athletes |
| General subdivision | Legal status, laws, etc. |
| 650 #0 - SUBJECT ADDED ENTRY--TOPICAL TERM | |
| Topical term or geographic name entry element | International commercial arbitration. |
| 700 1# - ADDED ENTRY--PERSONAL NAME | |
| Personal name | Blackshaw, Ian Stewart, |
| Relator term | editor. |
| 700 1# - ADDED ENTRY--PERSONAL NAME | |
| Personal name | Siekmann, Robert C. R., |
| Relator term | editor. |
| 700 1# - ADDED ENTRY--PERSONAL NAME | |
| Personal name | Soek, Janwillem, |
| Relator term | editor. |
| 710 0# - ADDED ENTRY--CORPORATE NAME | |
| Corporate name or jurisdiction name as entry element | ASSER International Sports Law Centre. |
| 856 42 - ELECTRONIC LOCATION AND ACCESS | |
| Uniform Resource Identifier | <a href="https://fll.law.cu.edu.eg/fulltext/bks/ENGB12-00046.pdf">https://fll.law.cu.edu.eg/fulltext/bks/ENGB12-00046.pdf</a> |
| 856 42 - ELECTRONIC LOCATION AND ACCESS | |
| Materials specified | Publisher description |
| Uniform Resource Identifier | <a href="http://www.loc.gov/catdir/enhancements/fy0633/2006272538-d.html">http://www.loc.gov/catdir/enhancements/fy0633/2006272538-d.html</a> |
| 856 41 - ELECTRONIC LOCATION AND ACCESS | |
| Materials specified | Table of contents only |
| Uniform Resource Identifier | <a href="http://www.loc.gov/catdir/enhancements/fy0633/2006272538-t.html">http://www.loc.gov/catdir/enhancements/fy0633/2006272538-t.html</a> |
| 856 42 - ELECTRONIC LOCATION AND ACCESS | |
| Materials specified | Contributor biographical information |
| Uniform Resource Identifier | <a href="http://www.loc.gov/catdir/enhancements/fy0733/2006272538-b.html">http://www.loc.gov/catdir/enhancements/fy0733/2006272538-b.html</a> |
| 905 ## - Cataloger and Reviser Names | |
| Cataloger Name: | Hend El khosy |
| 942 ## - ADDED ENTRY ELEMENTS (KOHA) | |
| Source of classification or shelving scheme | Dewey Decimal Classification |
| Koha item type | Books |
| Edition | 21 |
| Suppress in OPAC | No |
| Withdrawn status | Lost status | Source of classification or shelving scheme | Damaged status | Not for loan | Collection | Home library | Current library | Date acquired | Total checkouts | Full call number | Barcode | Date last seen | Copy number | Price effective from | Koha item type | Public note |
|---|---|---|---|---|---|---|---|---|---|---|---|---|---|---|---|---|
| Dewey Decimal Classification | القانون الدولي الخاص | جــــامعة القــاهرة | مكتبة كلية الحقوق - فـرع الشيخ زايد | 01.03.2026 | Law2 12 347.224 CO 2006 1200046 C1 | ENGB12-00046 | 01.03.2026 | 1 | 01.03.2026 | Books | 351 | |||||
| Dewey Decimal Classification | القانون الدولي الخاص | جــــامعة القــاهرة | مكتبة كلية الحقوق - فـرع الشيخ زايد | 01.03.2026 | Law2 12 347.224 CO 2006 1200047 C2 | ENGB12-00047 | 01.03.2026 | 2 | 01.03.2026 | Books | 1672 |